| 000 | 00646cam a22002173a 4500 | ||
|---|---|---|---|
| 001 | 23879 | ||
| 003 | PGUSA | ||
| 005 | 20140828083517.0 | ||
| 008 | 071217s2007||||xxu|||||s|||||000 | eng d | ||
| 040 |
_aPGUSA _beng |
||
| 042 | _adc | ||
| 050 | 4 | _aPQ | |
| 100 | 1 |
_aNegreiros, José Sobral de Almada, _d1893-1970 |
|
| 245 | 1 | 2 |
_aA Engomadeira : _bNovela Vulgar Lisboeta _h[electronic resource] / _cJosé Sobral de Almada Negreiros |
| 260 |
_bProject Gutenberg, _c2007 |
||
| 506 | _aPublic domain in the USA. | ||
| 516 | _aElectronic text | ||
| 830 | 0 |
_aProject Gutenberg _v23879 |
|
| 856 | 4 | 0 | _uhttp://www.gutenberg.org/ebooks/23879 |
| 942 | _cEB | ||
| 999 |
_c253134 _d253134 |
||